000 00601nam a2200205 i 4500
001 63363
003 ES-MaACL
005 20230906164836.0
007 t|
008 031209q1985 it ||||1| ita d
020 _a88-7048-114-X
100 1 _aFerrater Mora, José.
_950338
245 1 0 _aDalla materia alla ragione /
_cJosé Ferrater Mora ; saggio critico e traduzione de Walter Cariddi.
260 _aLecce :
_bMilella,
_c[1985?]
300 _a278 p. ;
_c21 cm.
500 _aIndice.
504 _aBibliografía.
700 1 _aCariddi, Walter.
_935244
852 _aES-MaACL
_jL-11056
_bR.110878
999 _c63363
_d63363